Mitigation of denial of service attack using IP traceback / (Record no. 183673)
[ view plain ]
| 000 -LEADER | |
|---|---|
| fixed length control field | 00883 a2200193 4500 |
| 003 - CONTROL NUMBER IDENTIFIER | |
| control field | NUST |
| 005 - DATE AND TIME OF LATEST TRANSACTION | |
| control field | 20251120132248.0 |
| 040 ## - CATALOGING SOURCE | |
| Transcribing agency | Nust |
| 082 ## - DEWEY DECIMAL CLASSIFICATION NUMBER | |
| Classification number | 621.382,MOH |
| 100 ## - MAIN ENTRY--PERSONAL NAME | |
| Personal name | Mohsin, NC Syed Raza (TCC-16) |
| 9 (RLIN) | 131961 |
| 245 ## - TITLE STATEMENT | |
| Title | Mitigation of denial of service attack using IP traceback / |
| Statement of responsibility, etc. | NC Syed Raza Mohsin, NC Adnan Aijaz, Capt Wasif Rehman and Capt Haseeb Khan. |
| 260 ## - PUBLICATION, DISTRIBUTION, ETC. | |
| Place of publication, distribution, etc. | Rawalpindi |
| Name of publisher, distributor, etc. | MCS (NUST) |
| Date of publication, distribution, etc. | 2008 |
| 300 ## - PHYSICAL DESCRIPTION | |
| Extent | 130 p.; |
| 505 ## - FORMATTED CONTENTS NOTE | |
| Statement of responsibility | Introduction (Page-1), networking Fundamentals (Page-10), IP v4and IPv6 Basics (Page-26), Attack Methods (Page-43), Existing IP Traceback techniques (Page-50), proposed IP Traceback technique (Page-620, Mobile IP (Page-72),IP Traceback in Mobile IP (Page-83), Conclusion (Page-89). |
| 650 ## - SUBJECT ADDED ENTRY--TOPICAL TERM | |
| Topical term or geographic name entry element | UG Projects |
| 9 (RLIN) | 98716 |
| 651 ## - SUBJECT ADDED ENTRY--GEOGRAPHIC NAME | |
| Geographic name | TCC-16 |
| 9 (RLIN) | 131947 |
| 700 ## - ADDED ENTRY--PERSONAL NAME | |
| Personal name | Supervised by lt Col Mofassir Ul Haque |
| 9 (RLIN) | 131968 |
| 942 ## - ADDED ENTRY ELEMENTS (KOHA) | |
| Source of classification or shelving scheme | |
| Koha item type | Project Report |
| Withdrawn status | Lost status | Source of classification or shelving scheme | Damaged status | Not for loan | Permanent Location | Current Location | Shelving location | Date acquired | Full call number | Barcode | Date last seen | Price effective from | Koha item type | Public note |
|---|---|---|---|---|---|---|---|---|---|---|---|---|---|---|
| Military College of Signals (MCS) | Military College of Signals (MCS) | Reference | 12/12/2016 | 621.382,RAZ | MCSPTC-100 | 12/08/2016 | 12/12/2016 | Project Report | Almirah No. 94, Shelf No. 2 |
